Bella Ciao - Testo Completo - Statistics

Statistiche generali
  • Questo quiz è stato fatto 308 volte
  • Il punteggio medio è 131 su 157
Statistiche sulle risposte
Risposta % Corretto
bel
99%
ciao!
99%
ciao,
99%
bella,
98%
Bella,
98%
mi
97%
O
97%
Ti
97%
E
94%
è
94%
la
94%
mattina
94%
alzato
92%
un
92%
Una
92%
sono
91%
partigiano,
89%
partigiano
89%
se
86%
ho
85%
via
85%
portami
83%
di
82%
trovato
82%
Ché
81%
che
81%
"Che
81%
l'invasor
79%
morir
77%
da
76%
io
75%
in
74%
fior
73%
fior!"
73%
sento
73%
muoio
71%
seppellir
69%
montagna
68%
Tu
68%
devi
65%
per
62%
Sotto
62%
lassù
61%
seppellire
60%
l'ombra
59%
il
58%
del
56%
libertà
55%
Morto
54%
fiore
52%
questo
52%
le
49%
diranno:
45%
passeranno
45%
genti
40%
Tutte
27%
Nessun quiz corrispondente trovato
Distribuzione punteggi
Percentuale di utenti per punteggio
Percentile per numero di risposta
I tuoi punteggi nel tempo
Non hai fatto questo quiz